| 000 | 00813nam a2200217 a 4500 | ||
|---|---|---|---|
| 005 | 20140310183407.0 | ||
| 008 | 121018s19uu xx 00 eng d | ||
| 020 | _a9784770031136 | ||
| 050 |
_aPL 729 _b.H48 2010 |
||
| 100 | _aHigginson, William J. | ||
| 245 |
_aThe haiku handbook : _bhow to write, teach, and appreciate haiku / _cWilliam J. Higginson and Penny Harter ; foreword by Jane Reichhold. |
||
| 250 | _a25th anniversary ed. | ||
| 260 |
_aTokyo ; London : _bKodansha International, _c2010. |
||
| 300 |
_axix, 331 p. : _bill. ; _c21 cm. |
||
| 500 | _aOriginally published New York : McGraw-Hill, c1985. Includes bibliographical references and index. | ||
| 650 |
_aHaiku _xHistory and criticism |
||
| 650 |
_aHaiku _xTechnique |
||
| 700 | _aHarter, Penny | ||
| 942 |
_cBK _2lcc _kFOR |
||
| 999 |
_c22426 _d22426 |
||